Music Quiz

Random Music or Song Quiz

Cheetah girl songs Quiz Stats

Quiz not verified by Sporcle

Challenge
Share
Tweet
Embed
Score 0/18 Timer 02:00
0 Plays Today
all songs % Correct
what did they sing at the audition for the talent show ?cinderella
80.6%
song they sang for jackel johnsongirl power
62.1%
begining song together we can
58.4%
song they sang in barcelona dinerstrut
57.5%
song they sang for the competitionamigas cheetahs
50.4%
song the sang begining of cheetah girls 2the party's just begun
47.4%
song sang when galleria was leaving it's over
46.5%
song sang at the end of tcg 3one world
40.1%
song they sang to warm upstep up
37.4%
all songs % Correct
end songcheetah girls
31.9%
beginign song on cheetah girl one worldcheetah love
25.6%
compettion song they had against each otherim the one
22.9%
song they sang while walking through the carnivalfly away
8.8%
make up song they sang while in a castleno place like us
8.6%
what if
8.4%
couple song they sang in the boatsfeels like love
8.1%
song they sang in the restuarantdig alittle deeper
3.7%
channel sang with mericolal la lanita
2.6%

You're not logged in!

Compare scores with friends on all Sporcle quizzes.
Join for Free
OR
Log In

You Might Also Like...

Show Comments

Extras

Top Quizzes Today


Score Distribution

Your Account Isn't Verified!

In order to create a playlist on Sporcle, you need to verify the email address you used during registration. Go to your Sporcle Settings to finish the process.

Report this User

Report this user for behavior that violates our Community Guidelines.

Details: